Piosenki zespołu Lady Pank - Statystyki

Ogólne statystyki
  • Ten quiz został rozwiązany 710 razy
    106 od ostatniego zresetowania
  • Średni wynik to 32 z 238
Statystyki odpowiedzi
Album Utwór % Poprawnych
Lady Pank (1983) Kryzysowa narzeczona
80%
Lady Pank (1983) Mniej niż zero
75%
Zawsze tam, gdzie ty (1990) Zawsze tam, gdzie ty
69%
Lady Pank (1983) Zamki na piasku
62%
Lady Pank (1983) Fabryka małp
61%
Tacy sami (1988) Tacy sami
54%
O dwóch takich, co ukradli księżyc (1986) Marchewkowe pole
51%
Nana (1994) Na co komu dziś
51%
Nana (1994) Na na
51%
Tacy sami (1988) Zostawcie Titanica
51%
Teraz (2004) Stacja Warszawa
49%
(bonusy) Tańcz głupia tańcz
48%
(bonusy) Mała Lady Punk
46%
Lady Pank (1983) Du du
41%
bonusy Sztuka latania
41%
Lady Pank (1983) Wciąż bardziej obcy
41%
Lady Pank (1983) Moje Kilimandżaro
39%
Tacy sami (1988) Mała wojna
38%
Lady Pank (1983) Vademecum skauta
38%
(bonusy) Minus 10 w Rio
36%
Strach się bać (2007) Strach się bać
36%
Łowcy głów (1998) Znowu pada deszcz
36%
Ohyda (1984) A to ohyda
34%
LP45 (2025) Motyle
30%
Lady Pank (1983) Zakłócenie porządku
30%
LP40 (2021) Drzewa
28%
Nana (1994) Młode orły
28%
(bonusy) Raport z N.
26%
Miłość i władza (2016) Miłość
25%
Lady Pank (1983) Pokręciło mi się w głowie
25%
(bonusy) Rysunkowa postać
25%
LP45 (2025) Kalifornia
23%
Zawsze tam, gdzie ty (1990) Jak igła
21%
Drop Everything (1985) Minus Zero
21%
LP45 (2025) Obok
21%
LP45 (2025) 500 plus
20%
LP40 (2021) Ameryka
20%
Ohyda (1984) Czas na mały blues
20%
Międzyzdroje (1996) Międzyzdroje
20%
Tacy sami (1988) Ratuj tylko mnie
20%
Tacy sami (1988) To co mam
20%
Strach się bać (2007) Wenus, Mars
20%
Miłość i władza (2016) Władza
20%
Ohyda (1984) Zabij to
20%
Nana (1994) Mała Lady Sara
18%
Miłość i władza (2016) Sterowany
18%
Ohyda (1984) To jest tylko rock and roll
18%
Strach się bać (2007) Dobra konstelacja
16%
Tacy sami (1988) Giga-giganci
16%
MTV Unplugged (2022) Krokodyle tańczą
16%
Nana (1994) Kupiłem sobie psa
16%
Zawsze tam, gdzie ty (1990) Nie omijaj mnie
16%
Nana (1994) Rozbitkowie
16%
LP45 (2025) Uciekaj
16%
Strach się bać (2007) Wspinaczka (czyli historia pewnej rewolucji)
16%
Zimowe graffiti (1996) Zimowe graffiti
16%
O dwóch takich, co ukradli księżyc (1986) Dwuosobowa banda
15%
LP45 (2025) F-33
15%
Drop Everything (1985) Hero
15%
Ohyda (1984) Hotelowy kram
15%
Maraton (2011) Mój świat bez ciebie
15%
(bonusy) Nie wierz nigdy kobiecie
15%
Tacy sami (1988) Oglądamy film
15%
LP3 – nigdy nie za wiele rokendrola! (1986) Oh, Luczija!
15%
Łowcy głów (1998) Prawda i serce
15%
Zimowe graffiti (1996) Święta, święta...
15%
Łowcy głów (1998) UFO
15%
Nana (1994) Wilcze stado
15%
Nana (1994) Zabić strach
15%
bonusy Zakrętka
15%
O dwóch takich, co ukradli księżyc (1986) Chmurka
13%
Maraton (2011) Dziewczyny dzisiaj z byle kim nie tańczą
13%
Tacy sami (1988) John Belushi
13%
LP40 (2021) Karton
13%
Zimowe graffiti 2 (2017) List
13%
Zimowe graffiti (1996) Miejsce przy stole
13%
Zawsze tam, gdzie ty (1990) Niedokończona ulica
13%
(bonusy) Sly
13%
Ohyda (1984) Swojski Brodłej
13%
Ohyda (1984) Tango stulecia
13%
bonusy Wilki idą
13%
Zawsze tam, gdzie ty (1990) Co mnie to obchodzi
11%
Międzyzdroje (1996) Czy czujesz jak
11%
LP40 (2021) Erazm
11%
Drop Everything (1985) Hustler
11%
LP3 – nigdy nie za wiele rokendrola! (1986) Made in Homo
11%
LP45 (2025) Moje życie
11%
Ohyda (1984) Rolling son
11%
O dwóch takich, co ukradli księżyc (1986) Siedmioramienna tęcza
11%
(bonusy) This Is Only Rock’n’Roll
11%
O dwóch takich, co ukradli księżyc (1986) Wędrówka
11%
LP40 (2021) Zapomnieć
11%
LP45 (2025) Zdrada
11%
LP3 – nigdy nie za wiele rokendrola! (1986) Babilon Disko Najt
10%
(bonusy) Bez satysfakcji
10%
Łowcy głów (1998) Dla Alicji
10%
Międzyzdroje (1996) Hotel Polska
10%
Łowcy głów (1998) List do B.
10%
LP3 – nigdy nie za wiele rokendrola! (1986) Ludzie z Marsa
10%
Łowcy głów (1998) Mały rastaman
10%
Tacy sami (1988) Martwy postój
10%
O dwóch takich, co ukradli księżyc (1986) Matka
10%
LP45 (2025) Nie myśl o mnie więcej
10%
Łowcy głów (1998) Nieustraszeni łowcy głów
10%
Międzyzdroje (1996) Nikt nie umie tak jak ty
10%
Zawsze tam, gdzie ty (1990) Przerwa w trasie
10%
Zimowe graffiti 2 (2017) Rodzice
10%
Ohyda (1984) Szakal na Brodłeju
10%
LP40 (2021) Tego nie mogą zabrać nam
10%
LP40 (2021) Wieczny chłopiec
10%
LP40 (2021) Zostań ze mną
10%
bonusy 7-me niebo nienawiści
8%
bonusy Byś imię miał
8%
Zawsze tam, gdzie ty (1990) Dopóki da czas
8%
Miłość i władza (2016) Droga
8%
O dwóch takich, co ukradli księżyc (1986) Hrabia
8%
LP45 (2025) Jedwabny szlak
8%
O dwóch takich, co ukradli księżyc cz. 2 (1988) Każdy kij ma dwa końce
8%
O dwóch takich, co ukradli księżyc cz. 2 (1988) Ktoś ukradł księżyc
8%
O dwóch takich, co ukradli księżyc (1986) Lew
8%
Miłość i władza (2016) Lizusy
8%
LP40 (2021) Najcieplejsza zima od tysiąca lat
8%
Strach się bać (2007) Nie mam nic, prócz ciebie (lady)
8%
LP3 – nigdy nie za wiele rokendrola! (1986) Nigdy nie za wiele rokendrola
8%
Zimowe graffiti (1996) Otul mnie
8%
LP3 – nigdy nie za wiele rokendrola! (1986) Pierwsza linia
8%
LP40 (2021) Pokuta
8%
Teraz (2004) Sexi-plexi
8%
Łowcy głów (1998) Ślepy strach
8%
Nasza reputacja (2000) Słońcem opętani
8%
Drop Everything (1985) The zoo that has no keeper
8%
Miłość i władza (2016) Trochę niepamięci
8%
MTV Unplugged (2022) Wojna światów
8%
O dwóch takich, co ukradli księżyc (1986) Awantura
7%
Drop Everything (1985) Be good
7%
LP3 – nigdy nie za wiele rokendrola! (1986) Całe życie
7%
Teraz (2004) Ciepły śnieg
7%
Miłość i władza (2016) Czarne myśli
7%
O dwóch takich, co ukradli księżyc (1986) Czarownik
7%
Drop Everything (1985) Disturbance of the Order
7%
Drop Everything (1985) Do, do
7%
Nasza reputacja (2000) Heroina
7%
Strach się bać (2007) Jeśli coś tam kochasz
7%
bonusy Jest taki kraj
7%
O dwóch takich, co ukradli księżyc (1986) Latający kot
7%
Drop Everything (1985) My Kilimanjaro
7%
Miłość i władza (2016) Na dowód
7%
Nasza reputacja (2000) Na granicy
7%
Strach się bać (2007) Naprawdę piękny dzień
7%
Międzyzdroje (1996) Nie chcę litości
7%
Maraton (2011) Nie mamy nic do stracenia
7%
Nana (1994) Nie ma ochoty
7%
Łowcy głów (1998) Nie spoglądaj nigdy wstecz
7%
Międzyzdroje (1996) Odjeżdżałem z nią
7%
Nasza reputacja (2000) Ona
7%
LP3 – nigdy nie za wiele rokendrola! (1986) Osobno
7%
Zimowe graffiti 2 (2017) Otuleni
7%
Strach się bać (2007) Pole minowe
7%
Łowcy głów (1998) Słowa, słowa, słowa
7%
Drop Everything (1985) Someone's round the corner
7%
LP40 (2021) Spirala
7%
Nasza reputacja (2000) Stacja-alienacja
7%
LP3 – nigdy nie za wiele rokendrola! (1986) Twój normalny stan
7%
Zimowe graffiti (1996) W grudniową noc
7%
Strach się bać (2007) Wielki supermarket
7%
Łowcy głów (1998) Wierny jak pies
7%
Międzyzdroje (1996) Wolności głos
7%
Teraz (2004) www.GOD.com
7%
Zawsze tam, gdzie ty (1990) Zapłacę każdą cenę
7%
bonusy Zasypiam nad ranem
7%
Maraton (2011) Życie jak maraton
7%
O dwóch takich, co ukradli księżyc cz. 2 (1988) Balony
5%
bonusy Banalna rzecz; C'est la vie
5%
Teraz (2004) Bóg i Boogie Woogie
5%
Nasza reputacja (2000) Bulanda
5%
Symfonicznie (2012) Chłopak z mokrą głową
5%
bonusy Choćby nie wiem co
5%
bonusy Gwiazdkowe dzieci
5%
Zimowe graffiti 2 (2017) Hej Hosanna
5%
O dwóch takich, co ukradli księżyc cz. 2 (1988) Hymn czarownika
5%
Międzyzdroje (1996) Idą złodzieje
5%
O dwóch takich, co ukradli księżyc cz. 2 (1988) Jaskinia
5%
Teraz (2004) Krzycz mały, krzycz
5%
O dwóch takich, co ukradli księżyc cz. 2 (1988) Kto przygód zna smak
5%
Łowcy głów (1998) Latać może każdy
5%
Maraton (2011) Miłość to jest wszystko
5%
Miłość i władza (2016) Moment
5%
O dwóch takich, co ukradli księżyc (1986) Oaza
5%
bonusy On top
5%
Teraz (2004) Pani moich snów
5%
Międzyzdroje (1996) Piąta rano
5%
O dwóch takich, co ukradli księżyc cz. 2 (1988) Piosenka o zbójach
5%
LP40 (2021) Pokolenia
5%
Drop Everything (1985) Stranger
5%
Zimowe graffiti 2 (2017) Świąteczne Prezenty
5%
Maraton (2011) Swojski chaos
5%
Maraton (2011) Utracona miłość
5%
O dwóch takich, co ukradli księżyc cz. 2 (1988) W drogę... do krainy leniuchów
5%
Zawsze tam, gdzie ty (1990) Wiara we wroga
5%
Zimowe graffiti (1996) W twoich oczach
5%
Ohyda (1984) Zabij to cz. II
5%
Maraton (2011) Z dachu
5%
Maraton (2011) Zwykła prowokacja
5%
bonusy Augustowskie noce
3%
bonusy Do Moniki L.
3%
O dwóch takich, co ukradli księżyc cz. 2 (1988) Dwie głowy, dwie szyje
3%
Maraton (2011) Freedom time
3%
O dwóch takich, co ukradli księżyc (1986) Galop strażników
3%
bonusy Gwiazda na wietrze
3%
Nasza reputacja (2000) Jak ruchomy cel
3%
bonusy Konie w mojej głowie
3%
Teraz (2004) Lachy na strachy
3%
O dwóch takich, co ukradli księżyc cz. 2 (1988) Lawina
3%
Strach się bać (2007) Leprechaun
3%
Teraz (2004) Mój dom wariatów
3%
O dwóch takich, co ukradli księżyc cz. 2 (1988) Nastrój po upadku Jacka i Placka
3%
Zimowe graffiti (1996) Nie mów mi teraz dobranoc
3%
Zawsze tam, gdzie ty (1990) Nie wpychaj mnie w to dno
3%
O dwóch takich, co ukradli księżyc cz. 2 (1988) Pościg za rybami
3%
Zimowe graffiti (1996) Przebudzenie
3%
bonusy Rozmowa z...
3%
Nasza reputacja (2000) Samotne noce
3%
O dwóch takich, co ukradli księżyc cz. 2 (1988) Spadanie tęczy
3%
Zimowe graffiti 2 (2017) Srebrne Myśli
3%
Międzyzdroje (1996) Taka wyspa
3%
Nasza reputacja (2000) Twoja reputacja
3%
Teraz (2004) Walker
3%
Zimowe graffiti 2 (2017) Własne Niebo
3%
Miłość i władza (2016) Z niczego coś
3%
Nasza reputacja (2000) Druga strona
2%
Miłość i władza (2016) Mogę sobie pójść
2%
Zimowe graffiti 2 (2017) Najjaśniejsza Z Gwiazd
2%
Zimowe graffiti 2 (2017) O Nas
2%
O dwóch takich, co ukradli księżyc cz. 2 (1988) Powrót do drzewa
2%
Zimowe graffiti 2 (2017) Ukojenie
2%
bonusy Za ten jeden raz
2%
bonusy Spotkanie z diabłem
0%
Nasza reputacja (2000) W niewoli
0%
Nie znaleziono quizów pasujących do podanych kryteriów
Rozkład punktacji
Procent ludzi z każdym wynikiem
Percentyl według liczby udzielonych odpowiedzi
Twoja historia wyników
Nie rozwiązałeś tego quizu od ostatniego zresetowania